Bureaucratic response to citizen contacts (Record no. 4972)

000 -LEADER
fixed length control field 00436pab a2200157 454500
008 - FIXED-LENGTH DATA ELEMENTS--GENERAL INFORMATION
fixed length control field 180718b1984 xxu||||| |||| 00| 0 eng d
100 ## - MAIN ENTRY--PERSONAL NAME
Personal name Vedlitz, Arnold
245 ## - TITLE STATEMENT
Title Bureaucratic response to citizen contacts
Remainder of title Neighborhood demands and administrative reaction in Dallas
260 ## - PUBLICATION, DISTRIBUTION, ETC.
Date of publication, distribution, etc. 1984
300 ## - PHYSICAL DESCRIPTION
Extent 1207-16
362 ## - DATES OF PUBLICATION AND/OR SEQUENTIAL DESIGNATION
Dates of publication and/or sequential designation Nov.
650 ## - SUBJECT ADDED ENTRY--TOPICAL TERM
Topical term or geographic name entry element Bureaucracy
700 ## - ADDED ENTRY--PERSONAL NAME
Personal name James A. Dyer
773 ## - HOST ITEM ENTRY
Main entry heading Journal of Politics
909 ## -
-- 4972
Holdings
Withdrawn status Lost status Damaged status Not for loan Permanent Location Current Location Date acquired Serial Enumeration / chronology Barcode Date last seen Price effective from Koha item type
        Indian Institute of Public Administration Indian Institute of Public Administration 2018-07-19 Volume no: 46, Issue no: 4 AR4978 2018-07-19 2018-07-19 Articles

Powered by Koha